[Event "7th Cattolica Open-B 2020"]
[Site "Cattolica"]
[Date "2020.09.02"]
[Round "3.7"]
[White "Mammi, Ottavio"]
[Black "D`Agostino, Maurizio"]
[Result "0-1"]
[WhiteElo "1633"]
[BlackElo "1893"]
[Annotator "NA RC"]
[PlyCount "121"]
[EventDate "2020.08.31"]
[EventType "swiss"]
[EventCountry "ITA"]
[SourceTitle "playchess.com"]
[Source "ChessBase"]
[SourceQuality "1"]
[TimeControl "5400+30"]

{[%evp 10,121,5,0,4,-11,0,0,0,0,0,10,51,0,0,-28,108,43,44,18,70,53,40,0,23,25,26,27,69,64,84,-130,149,95,122,66,78,47,72,40,52,-204,-194,-290,-280,-253,-289,-273,-296,-303,-296,-296,-233,-256,-235,-266,-260,-256,-257,-287,-302,-316,-325,-361,-292,-327,-318,-347,-331,-483,-422,-583,-673,-1254,-852,-2262,-1154,-1135,-1274,-1054,-1402,-1365,-1776,-1597,-1343,-1460,-1706,-2138,-1800,-29973,-2176,-29991,-1156,-29991,-29992,-29992,-29993,-29995,-29994,-29996,-29997,-29997,-29996,-29996,-1646,-29996,-1699,-29996,-1835,-29996,-29997,-29997,-2504,-29998]} 1. c4 {[%emt 0:00:28]} e6 {[%emt 0:00:00]} 2. Nc3 {[%emt 0:00:10]} d5 {[%emt 0:00:15]} 3. cxd5 {[%emt 0:01:07]} exd5 {[%emt 0:00:06]} 4. d4 {[%emt 0:00:09]} c6 {[%emt 0:01:10]} 5. Bf4 {[%emt 0:00:40]} Bd6 {[%emt 0:01:22]} 6. Bg3 {[%emt 0:00:09]} Nf6 {[%emt 0:00:57]} 7. Nf3 {[%emt 0:01:38]} Bxg3 {[%emt 0:01:26] D35: Queen's Gambit Declined: Exchange Variation.} 8. hxg3 {[%emt 0:03:09]} O-O {[%emt 0:02:02]} 9. e3 {[%emt 0:00:07] [#]} Qb6 $146 {[%emt 0:01:44]} ({Predecessor:} 9... Bf5 10. Bd3 Bxd3 11. Qxd3 Nbd7 12. O-O-O b5 13. Ne5 Qc7 14. Nxd7 Qxd7 15. Rh3 Qg4 {0-1 (23) Pobor,D-Lamblin,J (1918) Batumi 2014}) 10. Rb1 {[%emt 0:00:13]} Na6 {[%emt 0:21:52]} ({Black should try} 10... Bf5 $11) 11. b4 {[%emt 0:12:55]} Bf5 {[%emt 0:07:42]} 12. Bd3 {[%emt 0:05:09]} Bg6 {[%emt 0:09:45]} (12... Bxd3 $11 {keeps the balance.} 13. Qxd3 Nxb4) 13. Na4 {[%emt 0:01:42]} Qc7 {[%emt 0:02:09]} 14. a3 {[%emt 0:01:19]} Ne4 {[%emt 0:04:08]} (14... Bxd3 $11 15. Qxd3 Rac8) 15. Rc1 {[%emt 0:02:40]} Nb8 $1 {[%emt 0:09:20]} 16. O-O {[%emt 0:00:22]} a6 {[%emt 0:01:35]} 17. Nc5 {[%emt 0:00:30]} Nd7 {[%emt 0:00:32]} 18. a4 {[%emt 0:00:41]} Ndxc5 {[%emt 0:01:32]} 19. bxc5 {[%emt 0:00:17]} Bh5 {[%emt 0:05:04]} 20. Qb3 $2 {[%emt 0:01:09]} (20. Qc2 $16 {and life is bright.}) 20... Rfe8 $2 {[%emt 0:05:51]} (20... Bxf3 $1 $17 {keeps the pressure on.} 21. gxf3 Nd2 {[%mdl 64] Double Attack}) 21. Rc2 {[%emt 0:01:22]} Rab8 {[%emt 0:01:43]} 22. Rb1 {[%emt 0:00:42]} Kh8 {[%emt 0:03:12]} 23. Ne5 {[%emt 0:02:30]} f6 {[%emt 0:01:24]} 24. Bxe4 {[%emt 0:00:18]} fxe5 {[%emt 0:01:22]} 25. Bf3 $2 {[%emt 0:00:20]} (25. Bd3 $14 {keeps the upper hand.}) 25... Bg6 {[%emt 0:00:38] Skewer} 26. Rcb2 {[%emt 0:01:06]} (26. dxe5 {was worth a try.} Qxe5 27. Bd1) 26... Bxb1 {[%emt 0:00:12]} 27. Rxb1 {[%emt 0:00:01]} exd4 {[%emt 0:01:00]} 28. exd4 {[%emt 1:03:07]} Qa5 {[%emt 0:00:29]} 29. Kf1 {[%emt 0:00:00]} Re7 {[%emt 0:00:54]} 30. Qb4 {[%emt 0:00:00]} Qc7 {[%emt 0:02:06]} 31. a5 {[%emt 0:00:00]} Rbe8 {[%emt 0:00:15]} 32. Qc3 {[%emt 0:00:00]} g6 {[%emt 0:00:36]} 33. Qd2 {[%emt 0:00:00]} Kg7 {[%emt 0:01:20]} 34. Qc3 {[%emt 0:00:00]} Qd7 {[%emt 0:01:11]} 35. Qd2 {[%emt 0:00:00]} Qf5 {[%emt 0:01:19]} 36. Rc1 {[%emt 0:00:00]} Rf8 {[%emt 0:01:39]} 37. Rc2 {[%emt 0:00:00]} g5 {[%emt 0:01:46]} 38. Qd1 {[%emt 0:00:00]} Rfe8 {[%emt 0:01:01]} 39. Be2 {[%emt 0:00:00] [#]} h5 $1 {[%emt 0:02:10]} 40. Rd2 {[%emt 0:00:00]} g4 {[%emt 0:01:30]} 41. Qb3 {[%emt 0:00:00]} Qg5 {[%emt 0:01:27]} 42. Qd3 {[%emt 0:00:00] [#]} Rxe2 $1 {[%emt 0:01:03]} 43. Qxe2 {[%emt 0:00:00]} Rxe2 {[%emt 0:00:07]} 44. Kxe2 {[%emt 0:00:00]} Qe7+ {[%emt 0:00:16]} 45. Kf1 {[%emt 0:00:00]} Qe4 {[%emt 0:00:19]} 46. Rd1 {[%emt 0:00:00]} Kf6 {[%emt 0:00:17]} 47. Kg1 {[%emt 0:00:00]} Qc2 {[%emt 0:00:13]} 48. Ra1 {[%emt 0:00:00] [#]} Qc3 $1 {[%emt 0:00:22]} 49. Ra4 {[%emt 0:00:00]} Kf5 {[%emt 0:00:35]} 50. Kf1 {[%emt 0:00:00]} Qc1+ {[%emt 0:00:30]} (50... Qd3+ $142 51. Ke1 Qc3+ 52. Kd1 Ke4 53. Ra2 Kd3 54. f3 Qb3+ 55. Ke1 Qxa2 {[%mdl 64] Double Attack} 56. Kf1 h4 57. fxg4 hxg3 58. g5 Qf2#) 51. Ke2 {[%emt 0:00:00]} Qc2+ {[%emt 0:00:05] Double Attack} 52. Ke3 {[%emt 0:00:00]} Qxa4 {[%emt 0:00:08]} 53. f4 {[%emt 0:12:30]} Qxa5 {[%emt 0:00:23]} 54. Kf2 {[%emt 0:00:00]} Qd2+ {[%emt 0:00:23]} 55. Kg1 {[%emt 0:00:00]} Qxd4+ {[%emt 0:00:07]} 56. Kh2 {[%emt 0:00:00]} a5 {[%emt 0:00:23]} (56... Qe3 $142 57. Kh1 h4 58. gxh4 g3 59. h5 Qe1#) 57. Kh1 {[%emt 0:00:00]} a4 {[%emt 0:00:05]} (57... h4 $142 58. Kh2 hxg3+ 59. Kxg3 Qxf4+ 60. Kh4 Qh2#) 58. Kh2 {[%emt 0:00:00] [#]} a3 {[%emt 0:00:11]} (58... Qf2 $142 $1 59. Kh1 h4 60. gxh4 g3 61. h5 Qf1#) 59. Kh1 {[%emt 0:00:00]} a2 {[%emt 0:00:10]} 60. Kh2 {[%emt 0:00:00] [#]} Qf2 $1 {[%emt 0:00:17]} 61. Kh1 {[%emt 0:00:00]} 0-1

[Event "7th Cattolica Open-B 2020"]
[Site "Cattolica"]
[Date "2020.09.02"]
[Round "3.8"]
[White "Modena, Giorgio"]
[Black "Bosio, Andrea"]
[Result "1/2-1/2"]
[WhiteElo "1869"]
[BlackElo "1659"]
[Annotator "NA RC"]
[PlyCount "141"]
[EventDate "2020.08.31"]
[EventType "swiss"]
[EventCountry "ITA"]
[SourceTitle "playchess.com"]
[Source "ChessBase"]
[SourceQuality "1"]
[TimeControl "5400+30"]

{[%evp 21,141,24,48,14,21,18,14,10,18,8,23,0,97,0,0,0,0,0,20,0,8,-87,-75,-94,-88,-115,-97,-103,-102,-274,-101,-191,-106,-121,-40,-108,-26,-91,0,-87,-45,-183,-40,-356,-33,-41,0,0,18,-6,0,-85,-85,-85,0,-16,0,0,0,-28,-22,-118,-114,-230,-16,-21,0,-175,-19,-75,-72,-77,-74,-85,-70,-84,-92,-102,-58,-79,-70,-74,-41,-31,-8,-8,-8,-8,0,-8,-8,-21,-8,-83,-72,-135,-103,-97,0,-263,-8,-8,-12,-8,-3,-8,-3,-3,-3,-8,0,0,0,0,0,-3,-8,-29,0,-7,0,0]} 1. e4 {[%emt 0:00:00]} e5 {[%emt 0:00:00]} 2. Nf3 {[%emt 0:00:01]} Nc6 {[%emt 0:00:00]} 3. Bb5 {[%emt 0:00:04]} a6 {[%emt 0:00:01]} 4. Ba4 {[%emt 0:00:07]} Nf6 {[%emt 0:00:12]} 5. O-O {[%emt 0:00:05]} Be7 {[%emt 0:00:07]} 6. Re1 {[%emt 0:00:08]} b5 {[%emt 0:00:04]} 7. Bb3 {[%emt 0:00:04]} d6 {[%emt 0:00:07]} 8. c3 {[%emt 0:00:08]} O-O {[%emt 0:00:08]} 9. h3 {[%emt 0:01:11]} Na5 {[%emt 0:00:09]} 10. Bc2 {[%emt 0:00:08]} c5 {[%emt 0:00:13]} 11. d4 {[%emt 0:03:00]} Qc7 {[%emt 0:00:13]} 12. d5 {[%emt 0:01:47]} Nd7 {[%emt 0:02:06] C97: Closed Ruy Lopez: Chigorin Defence: 11 d4 Qc7, sidelines.} 13. Nbd2 {[%emt 0:02:04]} Nb6 {[%emt 0:01:03]} 14. b3 {[%emt 0:02:59]} Bd7 {[%emt 0:01:59]} 15. Nf1 {[%emt 0:01:11]} Rfc8 {[%emt 0:03:17] [#]} 16. Ne3 $146 {[%emt 0:04:07]} ({Predecessor:} 16. Be3 Nb7 17. Ng3 Bf8 18. Nh2 g6 19. Ng4 Bg7 20. Qf3 Bxg4 21. Qxg4 Nd7 22. h4 {1-0 (50) Beerheide,W-Bilo,H Detmold 1960}) 16... Nb7 {[%emt 0:08:20] [#]} (16... c4 $11) 17. Nh2 {[%emt 0:12:23]} ({White should play} 17. c4 $1 $16) 17... c4 {[%emt 0:02:08]} 18. Bd2 {[%emt 0:04:17]} a5 {[%emt 0:02:59]} 19. Qf3 {[%emt 0:07:57]} Bf8 {[%emt 0:09:52]} 20. Rec1 {[%emt 0:03:46]} Nc5 {[%emt 0:03:01]} 21. Nf5 {[%emt 0:08:44]} (21. bxc4 $11 Nxc4 22. Nxc4 bxc4 23. Nf1) 21... cxb3 {[%emt 0:06:56]} 22. axb3 {[%emt 0:00:11]} a4 {[%emt 0:02:25]} 23. bxa4 {[%emt 0:04:50]} Nc4 {[%emt 0:02:42]} 24. Be1 {[%emt 0:01:32]} bxa4 {[%emt 0:02:19]} 25. Qg3 $2 {[%emt 0:03:14]} (25. Ra2 $17) 25... Kh8 $2 {[%emt 0:03:10]} (25... Bxf5 $1 $19 {and Black stays clearly on top.} 26. exf5 Nb3 {[%mdl 64] Double Attack}) 26. Rcb1 {[%emt 0:04:44]} (26. Ra2 $17) 26... a3 {[%emt 0:03:02]} (26... Rcb8 $19 27. Qf3 Rxb1 28. Bxb1 Qb6) 27. Ne3 {[%emt 0:00:54]} Nb2 {[%emt 0:06:09]} (27... Ba4 $17 28. Bxa4 Rxa4 29. Nxc4 Nxe4) 28. Ra2 {[%emt 0:01:53] [#]} ({White should play} 28. Qf3 $1 $15) 28... Rcb8 {[%emt 0:02:40]} (28... Ncd3 $1 $17 {[%cal Rd3e1]} 29. Bxd3 Nxd3) 29. Nhf1 {[%emt 0:04:11]} (29. Qf3 $15) 29... Bb5 {[%emt 0:02:22] [#]} (29... Nbd3 $17 30. Bd2 Rxb1 31. Bxb1 Qb7 32. Bxd3 Nxd3) 30. Nd2 {[%emt 0:05:27]} (30. c4 $1 $11 {[%mdl 512] keeps the balance.} Be8 (30... Nxc4 31. Rxb5) 31. Rba1) 30... Bd3 {[%emt 0:02:07]} 31. c4 {[%emt 0:02:06] [#]} (31. Rba1 $15) 31... Ra7 {[%emt 0:13:31]} ({Black should try} 31... g6 $1 $19 32. Qf3 Bh6) 32. Bxd3 $4 {[%emt 0:02:44]} (32. Rba1 $15) 32... Ncxd3 $2 {[%emt 0:01:58]} (32... Nbxd3 $19 33. Rba1 Rb2) 33. Nc2 $1 {[%emt 0:02:26]} Nxe1 {[%emt 0:02:21]} 34. Nxe1 {[%emt 0:02:18]} Rba8 {[%emt 0:01:13]} 35. Rba1 {[%emt 0:05:47]} Qc5 {[%emt 0:04:32]} 36. Qc3 {[%emt 0:03:19]} (36. Qb3 $11) 36... Ra4 {[%emt 0:02:29]} 37. Rc1 {[%emt 0:02:03]} Rc8 {[%emt 0:02:14]} ({Black should play} 37... g6 $17 38. Nd3 Nxd3 39. Qxd3 Bh6) 38. Nd3 {[%emt 0:01:23]} Nxd3 {[%emt 0:01:29]} 39. Qxd3 {[%emt 0:00:05]} g6 {[%emt 0:00:56]} 40. Rc3 {[%emt 0:01:06]} Bh6 {[%emt 0:01:05]} 41. Nb3 {[%emt 0:02:51]} (41. Nb1 $11) 41... Qb4 {[%emt 0:00:55]} 42. Rcc2 $1 $11 {[%emt 0:01:11]} (42. Qc2 $17 {keeps fighting.}) 42... Bf8 $2 {[%emt 0:05:25]} ({But not} 42... Rxc4 43. Rxc4 Qxc4 44. Qxc4) (42... Kg7 $19 43. Nd2 Bxd2 44. Qxd2 Rxc4 45. Qxb4 Rcxb4) 43. Nd2 $1 {[%emt 0:00:18]} Bh6 {[%emt 0:00:23]} 44. Nf1 $2 {[%emt 0:01:30]} Bg5 {[%emt 0:00:59]} ({Better is} 44... Qb1 $19 45. Qe2 Rb8) 45. Rc3 {[%emt 0:00:26]} (45. Qf3 $11 {keeps the balance.}) 45... Rxc4 {[%emt 0:00:38]} 46. Rcxa3 {[%emt 0:00:30]} Rxa3 {[%emt 0:00:21]} 47. Qxa3 {[%emt 0:00:29]} Qxa3 {[%emt 0:00:11]} 48. Rxa3 {[%emt 0:00:10]} Rxe4 {[%emt 0:00:16]} 49. Ra7 {[%emt 0:01:00]} Rd4 {[%emt 0:00:55]} 50. Rxf7 {[%emt 0:00:05]} Rxd5 {[%emt 0:00:06]} 51. g3 {[%emt 0:00:28]} Rd1 {[%emt 0:00:31]} 52. Kg2 {[%emt 0:00:05]} d5 {[%emt 0:00:24]} 53. h4 {[%emt 0:00:15]} Bh6 {[%emt 0:00:32]} 54. Nh2 {[%emt 0:00:09]} Kg8 {[%emt 0:03:45]} 55. Rd7 {[%emt 0:00:16]} Bg7 {[%emt 0:00:00]} 56. Nf3 {[%emt 0:00:34]} h6 {[%emt 0:00:00]} 57. g4 {[%emt 0:00:18]} (57. h5 $11) 57... e4 {[%emt 0:00:00]} 58. Ng1 {[%emt 0:00:15]} (58. Rd8+ $142 Kf7 59. Rd7+ Kf8 60. Nh2) 58... d4 {[%emt 0:00:00]} 59. Ne2 {[%emt 0:00:19]} d3 {[%emt 0:00:00]} (59... Be5 $17 60. Rd5 d3) 60. Nf4 $2 {[%emt 0:00:02]} (60. Ng3 $11) 60... g5 $2 {[%emt 0:00:39]} (60... d2 $19 61. Nxg6 Bf6) 61. hxg5 {[%emt 0:00:53]} hxg5 {[%emt 0:00:01]} 62. Ne6 {[%emt 0:01:03]} Bf6 {[%emt 0:01:21]} 63. Nc5 {[%emt 0:00:02]} Re1 {[%emt 0:00:53]} 64. f3 {[%emt 0:00:52]} Re2+ {[%emt 0:00:32]} (64... e3 $5 65. Ne4 $8 Be5 66. Rxd3 Bf4 $15) 65. Kf1 {[%emt 0:00:01]} exf3 {[%emt 0:00:51]} 66. Rxd3 {[%emt 0:00:17]} Rg2 {[%emt 0:00:24]} 67. Ne4 {[%emt 0:01:09]} Be7 {[%emt 0:00:28]} 68. Rxf3 {[%emt 0:03:23]} Rxg4 {[%emt 0:00:23]} 69. Nf2 {[%emt 0:00:27]} Rf4 {[%emt 0:00:17]} 70. Rxf4 {[%emt 0:00:28]} gxf4 {[%emt 0:00:03]} 71. Nd3 $11 {[%emt 0:01:00]} 1/2-1/2

[Event "7th Cattolica Open-B 2020"]
[Site "Cattolica"]
[Date "2020.09.02"]
[Round "3.9"]
[White "Gasperi, Fosco"]
[Black "Iasman, Inna"]
[Result "1/2-1/2"]
[WhiteElo "1878"]
[BlackElo "1659"]
[Annotator "NA RC"]
[PlyCount "107"]
[EventDate "2020.08.31"]
[EventType "swiss"]
[EventCountry "ITA"]
[SourceTitle "playchess.com"]
[Source "ChessBase"]
[SourceQuality "1"]
[TimeControl "5400+30"]

{[%evp 10,107,20,30,30,17,48,35,41,41,34,56,72,79,32767,32767,32767,32767,32767,32767,32767,32767,32767,32767,32767,32767,32767,32767,32767,32767,32767,32767,32767,32767,125,33,101,97,128,113,158,168,171,152,152,155,153,157,197,180,235,231,242,255,243,261,317,317,356,337,342,344,473,454,545,607,630,641,614,691,720,227,313,262,286,350,400,243,1749,29973,1746,29983,29988,29989,29989,525,398,482,416,592,515,0,0,0,0,0,0,0,0,0]} 1. d4 {[%emt 0:00:00]} d5 {[%emt 0:00:00]} 2. c4 {[%emt 0:00:00]} c6 {[%emt 0:00:06]} 3. cxd5 {[%emt 0:01:25]} cxd5 {[%emt 0:00:18]} 4. Nc3 {[%emt 0:00:19]} Nf6 {[%emt 0:00:29]} 5. Bf4 {[%emt 0:00:33]} Nc6 {[%emt 1:31:37]} 6. e3 a6 {[%emt 0:00:30]} 7. Bd3 {[%emt 0:02:02]} g6 {[%emt 0:00:30]} 8. h3 {[%emt 0:03:06]} Bg7 {[%emt 0:00:00]} 9. Nf3 O-O {[%emt 0:01:00]} 10. O-O {[%emt 1:27:35]} Na5 {[%emt 0:00:00] [#] Recently 10...Bf5 got a lot of attention. D90: Grünfeld: 4 Nf3 Bg7 sidelines.} 11. Rc1 $146 {[%emt 0:00:00]} ({Predecessor:} 11. Re1 Ne8 12. Ne5 f6 13. Nxg6 hxg6 14. Bxg6 f5 15. Qh5 Nf6 16. Qh4 Nc4 17. Ne2 Be6 18. Ng3 {½-½ (26) Veresov,G-Flohr,S Moscow 1944}) 11... Nc4 {[%emt 0:00:00]} 12. Qe2 {[%emt 0:00:00]} b5 {[%emt 0:00:00]} 13. b3 {[%emt 0:00:00]} Nd6 {[%emt 0:00:00]} 14. Ne5 {[%emt 0:00:00]} Bf5 {[%emt 0:00:00]} 15. Bxf5 {[%emt 0:00:00]} Nxf5 {[%emt 0:00:00]} 16. Nd3 {[%emt 0:00:00]} Qb6 {[%emt 0:00:00]} 17. g4 {[%emt 0:00:00]} Nd6 {[%emt 0:00:00]} 18. g5 {[%emt 0:00:00]} Nfe4 {[%emt 0:04:30]} 19. Nxd5 {[%emt 0:00:00]} Qb7 {[%emt 0:00:30]} 20. Nc3 {[%emt 0:00:00]} Rac8 {[%emt 0:00:00]} 21. Nxe4 {[%emt 0:00:00]} Nxe4 {[%emt 0:00:00]} 22. f3 {[%emt 0:00:00]} (22. Qf3 $16) 22... Nd6 {[%emt 0:01:30]} 23. Nc5 {[%emt 0:00:00]} Qd5 {[%emt 0:00:00]} 24. Rfd1 {[%emt 0:00:00]} Qf5 {[%emt 0:00:00]} 25. Qh2 {[%emt 0:00:00]} ({Don't take} 25. Nxa6 $6 Rxc1 26. Rxc1 Bxd4 $14) 25... Rc6 {[%emt 0:00:00]} 26. d5 {[%emt 0:00:00]} Rc7 {[%emt 0:00:00]} 27. e4 {[%emt 0:00:00]} Qc8 {[%emt 0:00:00]} 28. Nd3 {[%emt 0:00:00]} ({Don't play} 28. Bxd6 exd6 29. Nd3 (29. Qxd6 Re8 $16) 29... h6 $14) 28... Bd4+ {[%emt 0:00:00]} 29. Kf1 {[%emt 0:00:00]} Rc3 {[%emt 0:00:00]} 30. Rxc3 {[%emt 0:00:00]} ({Less strong is} 30. Bxd6 exd6 31. Rxc3 Qxc3 $16) 30... Qxc3 {[%emt 0:00:00]} 31. Qe2 {[%emt 0:00:00]} Qc8 {[%emt 0:00:00]} 32. Kg2 {[%emt 0:11:00]} f6 {[%emt 0:00:00]} 33. Nb4 {[%emt 0:00:00]} Bb6 {[%emt 0:00:00]} 34. Rc1 {[%emt 0:00:00]} Qd7 {[%emt 0:00:00]} 35. Rc6 {[%emt 0:00:00]} Nc8 {[%emt 0:00:00]} 36. Nxa6 {[%emt 0:00:00]} e5 {[%emt 0:00:00]} 37. Be3 {[%emt 0:00:00]} Bxe3 {[%emt 0:00:00]} 38. Qxe3 {[%emt 0:00:00]} f5 {[%emt 0:00:00]} 39. Nc5 {[%emt 0:00:00]} Qa7 {[%emt 0:00:00]} 40. Qe2 $2 {[%emt 0:00:00]} (40. Ra6 Qb8 41. Nd7) 40... Ne7 {[%emt 0:00:00]} 41. Ne6 {[%emt 0:00:00]} Nxc6 42. dxc6 {[%emt 0:00:00]} Rc8 {[%emt 0:00:00]} (42... Re8 {is a better defense.}) 43. c7 {[%emt 0:00:00]} f4 $2 {[%emt 0:00:00]} (43... Qa6) 44. Qd2 {[%emt 0:00:00]} Re8 {[%emt 0:01:39] [#]} 45. a4 $1 {[%emt 0:02:20] Promotion} Qb6 {[%emt 0:02:09] [#]} 46. Qd5 $1 {[%emt 0:00:14]} Qe3 {[%emt 0:04:21]} 47. Nd8+ {[%emt 0:04:07]} (47. Nxf4+ $142 Kf8 48. Qd6+ Kg8 {[#]} 49. Qe6+ $1 {[%mdl 576] Deflection, Decoy, Promotion} Rxe6 50. c8=Q+ {[%mdl 64] Double Attack} Kf7 51. Qxe6+ {[%mdl 64] Double Attack} Kf8 52. Qc8+ Ke7 53. Nd5+ {[%mdl 64] Double Attack} Kf7 54. Qd7+ {[%mdl 64] Double Attack} Kg8 55. Nf6+ Kf8 56. Qe8+ {[%mdl 64] Double Attack} Kg7 57. Qg8#) 47... Kh8 {[%emt 0:00:49] [#]} 48. Qd1 $1 {[%emt 0:00:25]} ({Stronger than} 48. c8=Q Qe2+ 49. Kh1 Qe1+ 50. Kh2 Qg3+ 51. Kh1 Qe1+ 52. Kh2 Qg3+ 53. Kh1 Qe1+ $11) 48... Qc5 {[%emt 0:00:40]} 49. Nf7+ {[%emt 0:00:52]} Kg7 {[%emt 0:01:23]} 50. Qd7 $2 {[%emt 0:00:02]} (50. Nd6 $18 Rf8 51. Nxb5) 50... Qc2+ {[%emt 0:00:28] Double Attack} 51. Kf1 {[%emt 0:00:10]} Qc1+ {[%emt 0:00:15]} 52. Kg2 {[%emt 0:00:16]} Qc2+ {[%emt 0:00:13]} 53. Kf1 {[%emt 0:00:30]} Qc1+ {[%emt 0:00:30]} 54. Kg2 $11 {[%emt 0:02:04]} 1/2-1/2

[Event "7th Cattolica Open-B 2020"]
[Site "Cattolica"]
[Date "2020.09.02"]
[Round "3.10"]
[White "Mammi, Samuele"]
[Black "Antoniacci, Riccardo"]
[Result "1-0"]
[WhiteElo "1847"]
[BlackElo "1649"]
[Annotator "NA RC"]
[PlyCount "77"]
[EventDate "2020.08.31"]
[EventType "swiss"]
[EventCountry "ITA"]
[SourceTitle "playchess.com"]
[Source "ChessBase"]
[SourceQuality "1"]
[TimeControl "5400+30"]

{[%evp 14,77,34,30,28,23,31,21,41,33,33,5,56,62,175,158,232,191,278,218,255,160,483,290,337,265,486,513,472,539,494,622,636,572,493,595,1178,1300,1342,1308,1355,622,1906,1784,1768,2489,1854,2107,1777,6870,2002,29973,29984,2481,1752,2296,5385,12841,29984,29986,29988,29990,1225,29993,29996,29997]} 1. e4 {[%emt 0:00:00]} c5 {[%emt 0:00:00]} 2. c4 {[%emt 0:00:00]} Nc6 {[%emt 0:00:43]} 3. Nc3 {[%emt 0:00:01]} g6 {[%emt 0:00:21]} 4. g3 {[%emt 0:00:11]} Bg7 {[%emt 0:00:26]} 5. Bg2 {[%emt 0:00:14]} Nf6 {[%emt 0:01:35]} 6. Nge2 {[%emt 0:00:25]} d6 {[%emt 0:00:57]} 7. O-O {[%emt 0:00:22] 7.d3 is the modern continuation.} e5 {[%emt 0:03:38] A36: Symmetrical English vs ...g6: 4 Bg2 Bg7.} 8. d3 {[%emt 0:00:20]} Be6 {[%emt 0:01:33]} 9. h3 {[%emt 0:00:36]} Qd7 {[%emt 0:03:29]} 10. Kh2 {[%emt 0:00:05]} h6 {[%emt 0:01:14] [#]} 11. f4 $146 {[%emt 0:00:14]} ({Predecessor:} 11. a3 g5 12. Rb1 a6 13. b4 Nd4 14. bxc5 dxc5 15. Nxd4 cxd4 16. Na4 Qc7 17. Nb6 {1-0 (48) Zhang,H (1848)-Li,S Qinhuangdao 2018}) 11... O-O-O {[%emt 0:04:11]} 12. Be3 {[%emt 0:01:40]} Nh7 {[%emt 0:03:36]} 13. Rb1 {[%emt 0:01:29]} f6 {[%emt 0:01:09]} (13... Kb8 $14) 14. a3 {[%emt 0:00:27]} f5 {[%emt 0:10:48]} (14... Nd4 $16 15. Nd5 f5) 15. Nd5 {[%emt 0:00:46]} g5 {[%emt 0:01:55]} (15... h5 {keeps fighting.} 16. b4 fxe4) 16. b4 {[%emt 0:03:50]} gxf4 {[%emt 0:02:14] [#]} (16... exf4 $142 17. gxf4 fxe4) 17. gxf4 {[%emt 0:00:10]} (17. exf5 $1 $18 Bxf5 18. gxf4) 17... cxb4 $2 {[%emt 0:01:37]} (17... fxe4 $16 {is a better chance.} 18. f5 (18. dxe4 exf4 19. Nexf4 Be5 $16) (18. Bxe4 Bxh3 19. Rg1 exf4 $14) (18. bxc5 exd3 19. Ng3 exf4 $16) 18... Bxd5) 18. axb4 {[%emt 0:00:22]} (18. Qa4 $142) 18... fxe4 {[%emt 0:01:39]} 19. dxe4 {[%emt 0:01:38]} exf4 $2 {[%emt 0:00:55]} (19... Rdg8 20. b5 Nd4 21. Nxd4 exd4) 20. Nexf4 {[%emt 0:01:46]} Be5 {[%emt 0:00:35]} 21. b5 {[%emt 0:02:47]} Bxf4+ {[%emt 0:01:05]} 22. Rxf4 {[%emt 0:00:51]} Ne5 {[%emt 0:01:20]} 23. Qa4 {[%emt 1:23:16]} Bxd5 {[%emt 0:56:30]} 24. cxd5 {[%emt 0:00:30]} a6 {[%emt 0:00:30]} 25. Rc1+ {[%emt 0:00:00]} Kb8 {[%emt 0:00:30]} 26. Qd4 {[%emt 0:01:00]} b6 {[%emt 0:00:00] [#]} 27. bxa6 {[%emt 0:00:00]} (27. Rc6 $142 $1 {[%mdl 512]} Nxc6 28. Qxb6+ {[%mdl 64] Double Attack} Qb7 29. dxc6 Qxb6 30. Bxb6) 27... Ng5 {[%emt 0:01:00]} 28. Qxb6+ {[%emt 0:00:00]} Ka8 {[%emt 0:00:00]} 29. Rc7 {[%emt 0:00:00]} Qxc7 {[%emt 0:00:00]} 30. Qxc7 {[%emt 0:02:00]} Rd7 {[%emt 0:01:30]} 31. Qc3 {[%emt 0:00:30]} Rg8 {[%emt 0:00:00]} 32. Rf2 {[%emt 0:00:30]} Rdg7 {[%emt 0:00:00] [#]} 33. Bxg5 {[%emt 0:01:00]} (33. Bd4 $142 $1 Nxh3 34. Bxe5 dxe5 35. Qc6+ {[%mdl 64] Double Attack} Ka7 36. Qc5+ Ka8 37. Bxh3 Rd8 38. d6) 33... hxg5 {[%emt 0:00:00]} 34. Rf6 {[%emt 0:00:00]} g4 {[%emt 0:00:00]} 35. Rxd6 {[%emt 0:00:00]} g3+ {[%emt 0:00:00]} 36. Kg1 {[%emt 0:02:30]} Rb8 {[%emt 0:03:00]} 37. Qxe5 {[%emt 0:00:00]} Rb1+ {[%emt 0:00:00]} 38. Bf1 {[%emt 0:00:00]} g2 {[%emt 0:00:00]} 39. Rd8+ {[%emt 0:00:00]} 1-0